Image Segmentation based on Fuzzy Rule Based System and Multilevel Graph Cuts / (Record no. 608426)

000 -LEADER
fixed length control field 00468nam a22001457a 4500
003 - CONTROL NUMBER IDENTIFIER
control field NUST
082 ## - DEWEY DECIMAL CLASSIFICATION NUMBER
Classification number 621.382
100 ## - MAIN ENTRY--PERSONAL NAME
Personal name Khokher, Muhammad Rizwan
9 (RLIN) 35129
245 ## - TITLE STATEMENT
Title Image Segmentation based on Fuzzy Rule Based System and Multilevel Graph Cuts /
Statement of responsibility, etc. Muhammad Rizwan Khokher
260 ## - PUBLICATION, DISTRIBUTION, ETC.
Place of publication, distribution, etc. Rawalpindi
Name of publisher, distributor, etc. MCS - NUST,
Date of publication, distribution, etc. 2012
300 ## - PHYSICAL DESCRIPTION
Extent 62 p. ; 30cm
650 ## - SUBJECT ADDED ENTRY--TOPICAL TERM
Topical term or geographic name entry element Electrical Engineering-MS-Thesis
9 (RLIN) 16073
700 ## - ADDED ENTRY--PERSONAL NAME
Personal name Dr. Abdul Ghafoor
9 (RLIN) 16207
942 ## - ADDED ENTRY ELEMENTS (KOHA)
Source of classification or shelving scheme
Koha item type Thesis
Holdings
Withdrawn status Lost status Source of classification or shelving scheme Damaged status Not for loan Permanent Location Current Location Shelving location Date acquired Total Checkouts Full call number Barcode Date last seen Price effective from Koha item type
          Military College of Signals (MCS) Military College of Signals (MCS) General Stacks 02/28/2024   621.382 MCSTEE-402 02/28/2024 02/28/2024 Thesis
© 2023 Central Library, National University of Sciences and Technology. All Rights Reserved.